| 000 | | | 05058cbc2a2200000#x 450 |
| 001 | | | c3357c85-11ad-4b83-af61-091bd70ec00f |
| 005 | | | 20251127165229.0 |
| 100 | ## | $a | 20180907l18661867k l0rusy0189 ca |
| 101 | 0# | $a | rus |
| 102 | ## | $a | RU |
| 200 | 1# | $a | Дело об устройстве в городе Якутске полицейской команды |
| | $j | 19 февраля 1866 г. - 29 марта 1867 г. |
| 251 | ## | $c | Дело |
| 300 | ## | $a | Рукописный текст. Чернила |
| 801 | #0 | $a | RU |
| | $b | РГИА |
| | $c | 20180907 |
| 801 | #1 | $a | RU |
| | $b | ГлавНИВЦ |
| | $c | 20180907 |
| | $2 | rusmarc |
| 801 | #2 | $a | RU |
| | $b | ПБ им. Б.Н. Ельцина |
| | $c | 20200305 |
| | $g | RCR |
| | $2 | rusmarc |
| 850 | ## | $a | Федеральное казенное учреждение "Российский государственный исторический архив" |
| 852 | ## | $a | РГИА |
| | $j | 166 |
| 937 | ## | $h | РГИА |
| | $d | 12291248 |
| | $a | ASBIBLIO_SCAN |
| 462 | #0 | $1 | 001d8f9f7d4-b5a2-42ce-9901-502471366df6 |
| | $1 | 2001 |
| | $a | Дела Департамента полиции исполнительной МВД за 1866 год |
| | $v | Д. 166 |
| | $1 | 251 |
| | $c | Опись |
| | $1 | 852 |
| | $j | 27 |
| 461 | #0 | $1 | 0013e300ed0-cd39-49af-8489-5ba5b90fa401 |
| | $1 | 2001 |
| | $a | Департамент полиции исполнительной МВД |
| | $1 | 251 |
| | $c | Фонд |
| | $1 | 852 |
| | $j | 1286 |
| 215 | ## | $a | 13 листов |
| | $d | 36,5х26 см |
| 371 | ## | $a | Документ не является опубликованным и широко распространяемым |
| 105 | ## | $a | y### |
| 122 | 2# | $a | d18660219## |
| | $a | d18670329## |
| 035 | ## | $a | c3357c85-11ad-4b83-af61-091bd70ec00f |
| 856 | ## | $u | http://readingroom.main.prlib.ru/item.aspx?id_node=n143014274&mode=full |
| 606 | 1# | $2 | prlib_sh |
| | $3 | LIBNET\UAF\0000118913 |
| | $a | Полиция |
| | $x | История |
| | $y | Якутск, город (Якутия) |
| | $j | Документы и материалы |
| 686 | ## | $2 | rubbk |
| | $a | 63.3(28-8Яку)522-36ю11 |
| | $v | LBC/M |
| 605 | ## | $2 | acquisition_Prlib |
| | $3 | LIBNET\UAF\0000118912 |
| | $a | Город Якутск |
| | $l | коллекция |
| 605 | ## | $a | Республика Саха (Якутия): страницы истории |
| | $l | коллекция |
| | $2 | acquisition_Prlib |
| | $3 | LIBNET\UAF\0000067280 |
| 605 | ## | $a | Власть |
| | $l | коллекция |
| | $2 | acquisition_Prlib |
| | $3 | DITM\AF\0000002775 |
| 605 | ## | $2 | acquisition_Prlib |
| | $3 | DITM\AF\0000003834 |
| | $a | Народ |
| | $l | коллекция |